La Tunisie par lettre - Lettre A - Statistiques

Statistiques générales
  • Ce quiz a été pris 108 fois
  • Le résultat moyen est 6 sur 15
Statistiques - réponses
Indices Réponses % Correct
La langue officielle de la Tunisie Arabe
88%
L'un des deux pays qui partagent une frontière Terrestre avec la Tunisie Algérie
82%
Continent sur lequel se trouve la Tunisie Afrique
75%
Gouvernorat faisant partie du grand Tunis Ariana
69%
Plat traditionnel, souvent préparé pour célébrer le Mawlid Assida
55%
Ville du nord-ouest réputée pour ses forêts et ses montagnes Aïn Draham
38%
Célèbre rappeur. Initialement Membre du groupe ZOMRA avant de se lancer dans sa carrière solo A.L.A
35%
Célèbre émission à caractère social où une personne invite un proche pour lui faire une déclaration ou une révélation importante Andi Mankolek
26%
Club de football fondé en 1939 surnomé El Gnaweya Avenir Sportif de La Marsa
26%
Bey de Tunis de 1837 à 1855, sous le règne duquel se déroule la série Tej El Hadhra Ahmed Bey 1er
20%
Poète tunisien né en 1909 à Tozeur. Les deux premiers vers de son poème La Volonté de vivre sont intégrés à la fin de l'hymne national tunisien Abou el Kacem Chebbi
18%
Dynastie qui gouverne l'Ifriqiya depuis Kairouan de 800 jusqu'à 909 Aghlabides
11%
Lycée tunisois, fondé en 1909. Il est classé comme monument historique Alaoui
10%
Militant et politicien né le 5 septembre 1876 à Tunis. Il est le fondateur du parti politique du Destour en 1920 Abdelaziz Thâalbi
8%
Chef tribal et révolutionnaire tunisien, né en 1814 à Sbeïtla, connu pour avoir mené une révolte contre le pouvoir beylical en 1864 Ali Ben Ghedhahem
6%
Aucun quiz correspondant
Distribution des résultats
% des personnes avec chaque résultat
Percentile par nombre de réponses
Votre historique - résultats
Vous n’avez pas pris ce quiz